[Event "Arco op 45th"]
[Site "Arco"]
[Date "2023.10.10"]
[Round "4"]
[White "Pleimling, Luc"]
[Black "Hirzel, Robin"]
[Result "1/2-1/2"]
[WhiteElo "1366"]
[BlackElo "1624"]
[PlyCount "66"]
[EventDate "2023.10.07"]
[EventType "swiss"]
[EventRounds "9"]
[EventCountry "ITA"]
[SourceTitle "Mega2024 Update 01"]
[Source "Chessbase"]
[SourceDate "2023.11.12"]
[SourceVersion "1"]
[SourceVersionDate "2023.11.12"]
[SourceQuality "1"]

1. d4 Nf6 2. Nf3 g6 3. g3 Bg7 4. Bg2 0-0 5. 0-0 d6 6. b3 c5 7. Bb2 Nbd7 8. Nbd2 Rb8 9. c4 a6 10. a4 b5 11. axb5 axb5 12. Qc2 Qb6 13. Rfb1 Bb7 14. d5 Rfe8 15. e4 e6 16. e5 dxe5 17. Nxe5 exd5 18. Nxd7 Nxd7 19. Bxg7 Kxg7 20. cxd5 Nf6 21. Ne4 Nxe4 22. Bxe4 Rbd8 23. Rd1 Rd6 24. h4 Red8 25. Qc3+ Kg8 26. Qe5 f6 27. Qf4 Bxd5 28. Bxd5+ Rxd5 29. Rxd5 Rxd5 30. Qe4 Rd8 31. Qe7 Qd6 32. Qb7 Qd7 33. Qb6 Qd6 1/2-1/2

[Event "Arco op 45th"]
[Site "Arco"]
[Date "2023.10.09"]
[Round "3"]
[White "Pernigo, Leonardo"]
[Black "Pleimling, Luc"]
[Result "1-0"]
[WhiteElo "1805"]
[BlackElo "1366"]
[PlyCount "67"]
[EventDate "2023.10.07"]
[EventType "swiss"]
[EventRounds "9"]
[EventCountry "ITA"]
[SourceTitle "Mega2024 Update 01"]
[Source "Chessbase"]
[SourceDate "2023.11.12"]
[SourceVersion "1"]
[SourceVersionDate "2023.11.12"]
[SourceQuality "1"]

1. d4 d5 2. c4 e6 3. Nc3 c5 4. cxd5 exd5 5. Nf3 Nc6 6. g3 c4 7. Bg2 Bb4 8. 0-0 Nge7 9. Re1 0-0 10. a3 Ba5 11. Bd2 Bg4 12. Ne5 Nxe5 13. dxe5 Qd7 14. Nxd5 Bxd2 15. Qxd2 Nxd5 16. Qxd5 Qc7 17. Rac1 Be6 18. Qd4 Rfd8 19. Qc3 Rac8 20. Rcd1 b5 21. e3 Qc5 22. Rd4 Qb6 23. Red1 Rxd4 24. exd4 Bf5 25. d5 a5 26. Qf3 Qg6 27. d6 Qe6 28. d7 Rd8 29. Qa8 Qe7 30. Qxa5 Bxd7 31. Bc6 Bxc6 32. Qxd8+ Qe8 33. Qc7 Qe6 34. Rd6 1-0

[Event "Arco op 45th"]
[Site "Arco"]
[Date "2023.10.07"]
[Round "1"]
[White "Cluyts, Marc"]
[Black "Pleimling, Luc"]
[Result "1/2-1/2"]
[WhiteElo "1891"]
[BlackElo "1366"]
[PlyCount "32"]
[EventDate "2023.10.07"]
[EventType "swiss"]
[EventRounds "9"]
[EventCountry "ITA"]
[SourceTitle "Mega2024 Update 01"]
[Source "Chessbase"]
[SourceDate "2023.11.12"]
[SourceVersion "1"]
[SourceVersionDate "2023.11.12"]
[SourceQuality "1"]

1. e4 e5 2. Nf3 Nf6 3. d4 Nxe4 4. Bd3 d5 5. Nxe5 Nd7 6. 0-0 Bd6 7. Nxd7 Bxd7 8. Qh5 0-0 9. Nc3 g6 10. Qh6 Nxc3 11. bxc3 Re8 12. Bd2 Bf8 13. Qf4 c5 14. dxc5 Bxc5 15. Rab1 Bc6 16. h4 Bd6 1/2-1/2